000 00843nam a2200253Ia 4500
003 OSt
005 20221005103718.0
006 a|||||r|||| 00| 0
007 ta
008 221004b |||||||| |||| 00| 0 hin d
024 _a107879
037 _cTextual
040 _aCRL
_cCRL
_bhin
041 _2hin
_ahin
082 _aO152,1:g(P:3), K9
100 _aभाटी, देशराजसिंह
245 0 _aहिन्दी में शब्दालंकार
246 _aHindī mean shabdālankāra
260 _aदिल्ली
_bअशोक प्रकाशन भारत
_c1969
300 _a368पृ0
_ccm.
650 _aहिन्दी साहित्य
942 _hO152,1:g(P:3), K9
_cTEXL
_2cc
999 _c1010710
_d1010710